000 00850cad a22002055a 4500
001 E154267
008 111108s2011 xxk f 000 0 eng d
020 _a9781907916380
035 _a(Sirsi) u154267
041 0 _aeng
110 2 _aAudit Scotland
_93963
245 0 4 _aThe role of community planning partnerships in economic development
_h[electronic resource]
260 _aEdinburgh
_bAudit Scotland
_c2011
520 _aLooks at the contribution which Community Planning Partnerships have made to communities in terms of economic development.
590 _aKA
651 4 _aScotland
_y1999-
690 _aENVIRONMENTAL AND LAND CONSULTANCY-PLANNING AND DEVELOPMENT
856 4 0 _uhttps://www.audit-scotland.gov.uk/docs/central/2011/nr_111103_community_planning.pdf
_zView the report free of charge at www.audit-scotland.gov.uk
942 _n0
999 _c112917
_d112917